| 000 | 01695nam a2200397 c 4500 | ||
|---|---|---|---|
| 003 | BLK | ||
| 005 | 20250712101939.0 | ||
| 008 | 180408b bul|||||r ||||||| ||bul|| | ||
| 010 | _aKNG00054451000 | ||
| 020 |
_a954-8775-39-5 _bиздат.: Ковачев |
||
| 040 | _aBLK | ||
| 041 |
_aBUL _cBUL |
||
| 080 |
_aСоциография. Социално положение. Условия на политическия и социалния живот. Социално и социално-икономическо положение на отделните страни, народи, раси. Социална география. (Общи въпроси) _b308 _x(560) _z308(560) |
||
| 080 |
_aГеография на Турция _b913(560) _x _z913(560) |
||
| 100 |
_aДойков, Васил Георгиев _gГеограф, краевед, писател _d1930-2018 _9364377 |
||
| 139 |
_aДойков, Васил Георгиев _bД 71 |
||
| 245 | 1 | 0 |
_aТурция _cВасил Георгиев Дойков. |
| 250 | _a2. прераб. и доп. изд. | ||
| 257 | _aBGR | ||
| 260 |
_аСилистра _bКовачев _c2005 |
||
| 300 |
_a160 с. _bс цв. ил. _c24 см |
||
| 380 | _a3 | ||
| 500 | _a1. изд. 1977 на изд. Нар. просвета. - Офс. изд. - Библиогр. с. 156. | ||
| 504 | _a156 | ||
| 650 | 4 |
_aТурция _9179691 |
|
| 653 | _aТурция | ||
| 653 | _aгеография | ||
| 653 | _aстопанство | ||
| 653 | _aикономика | ||
| 852 | _aЦб 224188 | ||
| 856 | 4 |
_qpdf _u |
|
| 856 | 4 |
_qpdf _u |
|
| 942 |
_cKNG _n0 _06 |
||
| 944 |
_aCR _c20.06.2005 _k30560 _lГеновева Генчева |
||
| 944 |
_aED _c28.03.2014 _k |
||
| 999 |
_c50577 _d50577 |
||